Máy xây dựng

Na minha lista:
Detalhes bibliográficos
Autor principal: Phạm, Quang Dũng
Formato: Livro
Idioma:Undetermined
Publicado em: Hà Nội Khoa học và Kỹ thuật 2003
Assuntos:
Tags: Adicionar Tag
Sem tags, seja o primeiro a adicionar uma tag!
Thư viện lưu trữ: Trung tâm Học liệu Trường Đại học Cần Thơ
LEADER 00616nam a2200205Ia 4500
001 CTU_60247
008 210402s9999 xx 000 0 und d
020 |c 16000 
082 |a 621.811076 
082 |b D513 
100 |a Phạm, Quang Dũng 
245 0 |a Máy xây dựng 
245 0 |c Phạm Quang Dũng; Nguyễn Văn Hùng, Lưu Bá Thuận 
260 |a Hà Nội 
260 |b Khoa học và Kỹ thuật 
260 |c 2003 
650 |a Construction equipment,Building 
650 |x equipment and supplies 
904 |i Minh 
980 |a Trung tâm Học liệu Trường Đại học Cần Thơ